LEADER 01002nam0-22003611i-450 001 990000785990403321 005 20250116111343.0 010 $a88-86983-01-8 035 $a000078599 035 $aFED01000078599 035 $a(Aleph)000078599FED01 035 $a000078599 100 $a20020821d1996----km-y0itay50------ba 101 0 $aita 102 $aIT 105 $aa-------001yy 200 1 $a<>cultura del progetto$enotizie, nozioni, azioni$fPica Ciamarra 210 $aNapoli$cEdizioni Graffiti$d1996 215 $a179 p.$cill.$d21 cm 225 1 $aLezioni 610 0 $aBagnoli 610 0 $aMobilità urbana 610 0 $aArchitettura$aNormativa 610 0 $aProgettazione 700 1$aPica Ciamarra,$bMassimo$0541590 801 0$aIT$bUNINA$gRICA$2UNIMARC 901 $aBK 912 $a990000785990403321 952 $aSEZ.NA B 1505$b8236$fFARBC 952 $aSEZ.NA B 4153$b651/2024$fFARBC 959 $aFARBC 996 $aCultura del progetto$94308338 997 $aUNINA